000
00202nam a22000977a 4500
999
_c
15856
_d
15856
003
OSt
008
191022b ||||| |||| 00| 0 eng d
100
_a
Vallathole.
_9
4352
245
_a
Oru Kunj
942
_c
BK